[Event "Capablanca Memorial op 44th"]
[Site "Havana"]
[Date "2009.06.08"]
[Round "1"]
[White "Gutierrez Luque, Lluis"]
[Black "Diaz Ordonez, Ciro"]
[Result "1-0"]
[WhiteElo "1899"]
[BlackElo "2347"]
[PlyCount "71"]
[EventDate "2009.06.08"]
[EventType "swiss"]
[EventRounds "10"]
[EventCountry "CUB"]
[SourceTitle "CBM 130 Extra"]
[Source "ChessBase"]
[SourceDate "2009.07.02"]
[SourceVersion "2"]
[SourceVersionDate "2009.07.15"]
[SourceQuality "1"]

1. e4 c5 2. Nf3 d6 3. d4 cxd4 4. Nxd4 Nf6 5. Nc3 Nc6 6. Be3 a6 7. f3 e5 8. Nb3 Be7 9. Qd2 Be6 10. 0-0-0 0-0 11. g4 a5 12. g5 Ne8 13. Kb1 a4 14. Nc1 Ra5 15. h4 a3 16. b3 Nb4 17. Na4 Rxa4 18. bxa4 d5 19. c3 Na6 20. exd5 Bd7 21. Qc2 Qa5 22. Bb5 Bxb5 23. axb5 Qxb5+ 24. Qb3 Qd7 25. Ka1 Nd6 26. Nd3 Rc8 27. Nxe5 Qf5 28. Bd4 f6 29. gxf6 Bxf6 30. Nd3 Nc4 31. Qxb7 Nc5 32. Nxc5 Rxc5 33. Rhe1 h6 34. Re8+ Kh7 35. Bxf6 Qxf6 36. Qb1+ 1-0